000 01056pam a2200301 a 4500
999 _c14903
_d14903
001 1982381
003 ARRUPE
005 20170801085458.0
008 890303s1989 inu b 001 0 eng
010 _a 89040019
020 _a0268006806 :
_c$20.95
040 _aDLC
_cDLC
_dDLC
043 _an-us---
050 0 0 _aB824
_b.B48 1989
082 0 0 _a141/.4
_219
245 0 0 _aBeyond individualism :
_btoward a retrieval of moral discourse in America /
_cedited by Donald L. Gelpi ; afterword by Robert N. Bellah.
260 _aNotre Dame, Ind. :
_bUniversity of Notre Dame Press,
_cc1989.
300 _axi, 230 p. ;
_c23 cm.
504 _aIncludes bibliographical references.
650 0 _aIndividualism.
_934064
650 0 _aCommunities.
_98003
650 0 _aSocial ethics.
_934065
651 0 _aUnited States
_xReligion.
_92794
700 1 _aGelpi, Donald L.,
_d1934-2011.
_934066
906 _a7
_bcbc
_corignew
_d1
_eocip
_f19
_gy-gencatlg
942 _2lcc
_cMONOGRAPH